An Environmental modelling : an uncertain future? : an introduction to techniques for uncertainty estimation in environmental prediction

Αποθηκεύτηκε σε:
Λεπτομέρειες βιβλιογραφικής εγγραφής
Κύριος συγγραφέας: Beven, K. J.
Μορφή: Βιβλίο
Γλώσσα:English
Δημοσίευση: London ; New York : Routledge, 2009
Θέματα:
Ετικέτες: Προσθήκη ετικέτας
Δεν υπάρχουν, Καταχωρήστε ετικέτα πρώτοι!

MARC

LEADER 00000nam a2200000 i 4500
001 1/38900
008 131129s2009 eng d
020 |a 978-0-415-45759-0 
020 |a 0-415-45759-9 
035 |l 10116105 
040 |a GR-MY-UA  |b gre  |e aacr 
041 0 |a eng 
082 0 |a 628  |2 (22) 
100 1 |a Beven, K. J. 
245 1 3 |a An Environmental modelling :  |b an uncertain future? : an introduction to techniques for uncertainty estimation in environmental prediction /  |c Keith Beven 
260 |a London ; New York :   |b Routledge,   |c 2009 
300 |a xvii, 310 σ.;  |b εικ.;  |c 26 εκ. 
504 |a Βιβλιογραφία: [280]-304. Ευρετήριο 
650 0 0 |a Environmental sciences  |x Mathematical models. 
852 |a INST  |b SAMOS  |e 20131129  |h 628 BEV  |p 005300036108  |q 005300036108  |t BK  |y 0 
901 |a BIBL3-2013-3 
909 |a Σ  |b 181688 
922 |a 3ΕΛΗ  |b 201307  |c ΤΣΑΧΜ  |d ΔΙΑΔΡΟΜΕΣ/ΔΡΕΣ 
970 |a ΚΟΣΙΕΡΗΣ  |b ΧΡΗΣΤΟΣ  |z 2013/11/29